Theory of matrices /
Guardado en:
| Autor Principal: | |
|---|---|
| Formato: | Libro |
| Idioma: | English |
| Publicado: |
Cambridge, Mass. :
Addison-Wesley Press,
1952.
|
| Series: | Addison-Wesley mathematics series
|
| Materias: | |
| Etiquetas: |
Agregar Etiqueta
Sin Etiquetas, Sea el primero en etiquetar este registro!
|
| LEADER | 00574cam a22001931a 4500 | ||
|---|---|---|---|
| 001 | MAT.inmabb005621 | ||
| 008 | 740212s1952####maua##########000#0#eng## | ||
| 005 | 20150701172653.0 | ||
| 245 | 0 | 0 | |a Theory of matrices / |c by Sam Perlis. |
| 260 | |a Cambridge, Mass. : |b Addison-Wesley Press, |c 1952. | ||
| 300 | |a 237 p. : |b il. ; |c 22 cm. | ||
| 490 | 0 | |a Addison-Wesley mathematics series | |
| 510 | 4 | |a MR, |c 14,6a | |
| 100 | 1 | |a Perlis, Sam, |d 1913- | |
| 650 | 0 | |a Matrices. | |
| 084 | |a 15-01 |2 msc2000 | ||
| 010 | |a 51012754 | ||
| 040 | |a DLC |c DLC |d DLC | ||
| 859 | |h 15 |i P451 |p A-2289 |b BIB. MATEMATICA | ||
